[Скрипичные концерты] (Запись № 13284445)

Подробности
000 -МАРКЕР
контрольное поле 03321njm0a2200421 4500
001 - ИДЕНТИФИКАТОР ЗАПИСИ
контрольное поле RU\NLR\ONIZ\265703
005 - ИДЕНТИФИКАТОР ВЕРСИИ
контрольное поле 20250708193348.0
035 ## - ДРУГИЕ СИСТЕМНЫЕ НОМЕРА
Идентификатор записи (NLR Aleph) 012750919
071 00 - ИЗДАТЕЛЬСКИЙ НОМЕР
Номер, присвоенный агентством СМ-02993-94
100 ## - ДАННЫЕ ОБЩЕЙ ОБРАБОТКИ
Данные общей обработки 20220328d1982 |||y0rusy50 ca
102 ## - СТРАНА ПУБЛИКАЦИИ ИЛИ ПРОИЗВОДСТВА
Страна публикации российская федерация
126 ## - ПОЛЕ КОДИРОВАННЫХ ДАННЫХ: ЗВУКОЗАПИСИ - ФИЗИЧЕСКИЕ ХАРАКТЕРИСТИКИ
Кодированные данные звукозаписи (общие) abbxexu ux
Кодированные данные звукозаписи (уточнения) xxx
127 ## - ПОЛЕ КОДИРОВАННЫХ ДАННЫХ: ПРОДОЛЖИТЕЛЬНОСТЬ ЗВУКОЗАПИСЕЙ И НОТНЫХ ИЗДАНИЙ (МУЗЫКАЛЬНОЕ ИСПОЛНЕНИЕ)
Продолжительность 000048
200 1# - ЗАГЛАВИЕ И СВЕДЕНИЯ ОБ ОТВЕТСТВЕННОСТИ
Основное заглавие [Скрипичные концерты]
Общее обозначение материала Звукозапись
Первые сведения об ответственности А. Вивальди
203 ## - ВИД СОДЕРЖАНИЯ И ТИП СРЕДСТВА
Вид содержания Музыка
Дополнительные сведения об издании исполнительская
Тип средства аудио
210 ## - ПУБЛИКАЦИЯ, РАСПРОСТРАНЕНИЕ И ДР.
Место издания, распространения и т.д. Москва
Имя издателя, распространителя и т. д. Мелодия
Имя изготовителя Завод грампластинок
Место изготовления Ленинград
Дата издания, распространения и т.д. 1982
215 ## - ФИЗИЧЕСКАЯ ХАРАКТЕРИСТИКА
Специфическое обозначение материала и объем 1 грп. [ГОСТ 5289-80] (48 мин) : 33 об/мин, стерео
Размеры 30 см, в конв
327 1# - ПРИМЕЧАНИЯ О СОДЕРЖАНИИ
Текст примечания 1. Концерт для скрипки с оркестром соль минор : соч. 12 № 1 ;
-- 2. Концерт для скрипки с оркестром ре минор : соч. 4 № 8 ;
-- 3. Концерт для скрипки с оркестром Соль мажор : соч. 4 № 3 ;
-- 4. Концерт для трёх скрипок с оркестром Фа мажор : соч. 23 № 1 / исполняют : Павел Коган (2, 4), Елизавета Гилельс (3, 4), Леонид Коган (1, 4), Ансамбль солистов Большого симфонического оркестра Всесоюзного радио
464 #0 - АНАЛИТИЧЕСКИЙ УРОВЕНЬ
Встроенное поле 2001#$aКонцерт для скрипки с оркестром соль минор$eсоч. 12 № 1
Заглавие Концерт для скрипки с оркестром соль минор
464 #0 - АНАЛИТИЧЕСКИЙ УРОВЕНЬ
Встроенное поле 2001#$aКонцерт для скрипки с оркестром ре минор$eсоч. 4 № 8
Заглавие Концерт для скрипки с оркестром ре минор
464 #0 - АНАЛИТИЧЕСКИЙ УРОВЕНЬ
Встроенное поле 2001#$aКонцерт для скрипки с оркестром Соль мажор$eсоч. 4 № 3
Заглавие Концерт для скрипки с оркестром Соль мажор
464 #0 - АНАЛИТИЧЕСКИЙ УРОВЕНЬ
Встроенное поле 2001#$aКонцерт для трёх скрипок с оркестром Фа мажор$eсоч. 23 № 1$gисполняют : Павел Коган (2, 4), Елизавета Гилельс (3, 4), Леонид Коган (1, 4), Ансамбль солистов Большого симфонического оркестра Всесоюзного радио
Заглавие Концерт для трёх скрипок с оркестром Фа мажор
606 1# - НАИМЕНОВАНИЕ ТЕМЫ КАК ПРЕДМЕТ
Наименование темы Концерты для скрипки и камерного оркестра
Географический подзаголовок Италия
Хронологический подзаголовок 17-18 вв.
Формальный подзаголовок Звукозапись
Код системы nlr_sh
606 1# - НАИМЕНОВАНИЕ ТЕМЫ КАК ПРЕДМЕТ
Наименование темы Концерты для трёх скрипок
Географический подзаголовок Италия
Хронологический подзаголовок 17-18 вв.
Формальный подзаголовок Звукозапись
Код системы nlr_sh
606 1# - НАИМЕНОВАНИЕ ТЕМЫ КАК ПРЕДМЕТ
Наименование темы Скрипачи советские российские
Хронологический подзаголовок 20-21 вв.
Формальный подзаголовок Звукозапись
Код системы nlr_sh
686 0# - ИНДЕКСЫ ДРУГИХ КЛАССИФИКАЦИЙ
Индекс Щ955.4-042я44(4Ит)
686 0# - ИНДЕКСЫ ДРУГИХ КЛАССИФИКАЦИЙ
Индекс Щ952.508-042(4Ит)
700 #1 - ИМЯ ЛИЦА - ПЕРВИЧНАЯ ОТВЕТСТВЕННОСТЬ
Системный номер авторитетной/нормативной записи z01790
Начальный элемент ввода Вивальди
Часть имени, кроме начального элемента ввода А.
Даты 1669-1741
Расширение инициалов личного имени Антонио
Код отношения Композитор
Графика поля Кириллица
790 #1 - ИМЯ ЛИЦА - АЛЬТЕРНАТИВНАЯ ФОРМА
Системный номер авторитетной/нормативной записи z01700
Начальный элемент ввода Vivaldi
Часть имени, кроме начального элемента ввода A.
Даты 1669-1741
Расширение инициалов личного имени Antonio
Код отношения Композитор
Графика поля Латинская
801 #0 - ИСТОЧНИК ЗАПИСИ
Страна российская федерация
Организация NLR
Дата составления 20220328
Правила каталогизации PSBO
801 #1 - ИСТОЧНИК ЗАПИСИ
Страна российская федерация
Организация NLR
Дата составления 20220328
Источник данных rusmarc
801 #2 - ИСТОЧНИК ЗАПИСИ
Страна российская федерация
Организация NLR
Дата составления 20220330
852 ## - МЕСТОНАХОЖДЕНИЕ И ШИФР ХРАНЕНИЯ
Идентификатор организации NLR
Наименование фонда или коллекции (Sub-Location Identifier) Мг
Шифр хранения (Call Number) 3/8160
Страна
Номер экземпляра 1
942 ## - ДОПОЛНИТЕЛЬНЫЕ ЭЛЕМЕНТЫ ЗАПИСИ (АБИС)
Тип экземпляра АБИС Звукозапись
980 ## - КОЛЛЕКЦИЯ
Название коллекции Национальная библиография
980 ## - КОЛЛЕКЦИЯ
Название коллекции Отдел нот и звукозаписей
Экземпляры
Тип экземпляра Дата поступления Библиотека постоянного хранения Библиотека текущего хранения Место хранения Шифр хранения Статус не для выдачи
Звукозапись 28.03.2022 РНБ (Московский) РНБ (Московский) Фонд нот и звукозаписей 3/8160 3/8160